Sana consilia medica, aneb, Zdravá rada lékařská, podávající z křesťanské lásky užitečné lékařství,... s připojenou domovní apatečkou

Podrobná bibliografia
Hlavný autor: Tonsoris, Ján, 1724-1781 (Autor)
Médium: Kniha
Jazyk:čeština
Fyzický popis:264 s. 17 cm
Vydavateľské údaje: Uh.Skalica Josef Teslík 1903
Vydanie:2. opravené vydání
Predmet:

MARC

LEADER 00000nam a2200000 a 4500
001 vtls001354434
003 SK-MaSNL
005 20260301114912.0
008 251124s1903 xr 0 cze
020 |c 265,00 
035 |a SNK000307875 
040 |a SNK  |b slo  |c SNK  |e AACR2 
044 |a xr  |c CZ 
080 |a 61  |2 1981 
100 1 |a Tonsoris, Ján,  |d 1724-1781  |4 aut  |9 277625 
245 1 |a Sana consilia medica, aneb, Zdravá rada lékařská, podávající z křesťanské lásky užitečné lékařství,... s připojenou domovní apatečkou  |c vydal Joannes Tonsoris 
250 |a 2. opravené vydání 
260 |a Uh.Skalica  |b Josef Teslík  |c 1903  |e Uh. Skalice  |f Josef Teslík 
300 |a 264 s.  |c 17 cm 
650 0 7 |a zdravoveda  |2 SNK  |9 68172 
999 |c 720177  |d 722107 
952 |t P60, <03>, [BOOK], {603}  |a SNK  |b SNK  |y PREZ  |7 0  |p 17A0179198  |o snkSD 69858  |i snkK 327/99  |0 0  |1 0  |4 0  |d 1999-02-04  |l 0  |r 2005-01-02 00:00:00  |w 2026-02-23